Concise law Dictionary/ (Record no. 207026)

MARC details
000 -LEADER
fixed length control field 00709nam a22002057a 4500
005 - DATE AND TIME OF LATEST TRANSACTION
control field 20241126165751.0
010 ## - LCCN (DPL NO)
LC control number ENG-142637
020 ## - INTERNATIONAL STANDARD BOOK NUMBER
International Standard Book Number 9788119403684
Terms of availability 1350.00
035 ## - SYSTEM CONTROL NUMBER
System control number EN-126169
037 ## - SOURCE OF ACQUISITION
Source of stock number/acquisition DBAD
082 ## - DEWEY DECIMAL CLASSIFICATION NUMBER
Classification number 340.03
Edition number 8
100 ## - MAIN ENTRY--PERSONAL NAME
Dates associated with a name Aiyar,P Ramamatha
245 ## - TITLE STATEMENT
Title Concise law Dictionary/
Statement of responsibility, etc By P Ramanatha Aiyar
250 ## - EDITION STATEMENT
Edition statement 8
260 ## - PUBLICATION, DISTRIBUTION, ETC. (IMPRINT)
Name of publisher, distributor, etc Lexis Nexis
Place of publication, distribution, etc India
Date of publication, distribution, etc 2024
270 ## - ADDRESS
City Gurgaon
Postal code 122002
Address 14th Floor , Building No 10, Tower-B, DLF Cyber City, phase -ll
Telephone number +91 124 4774444
Fax number +91 124 4774100
Electronic mail address help.in@lexisnexis.com
300 ## - PHYSICAL DESCRIPTION
Extent xxi,1470p.
Dimensions 25cm(pb)
500 ## - GENERAL NOTE
General note With Legal Maxims, Latin Terms And Words & Phrases
942 ## - ADDED ENTRY ELEMENTS (KOHA)
Source of classification or shelving scheme Dewey Decimal Classification
Item type English Books
Classification part 340.03
Call number suffix AIR
Edition 8
Holdings
Withdrawn status Lost status Not for loan Collection code Home library Current library Date acquired Source of acquisition Cost, normal purchase price Full call number Barcode Copy number Cost, replacement price Koha item type
      Non-fiction Central Library Central Library 26/11/2024 Delivery of Books Act Division 1350.00 340.03 AIR EN-126169 1 1350.00 English Books

© Delhi Public Library
Hit Counter
free hit counter